| 000 | 01239nam a2200265 i 4500 | ||
|---|---|---|---|
| 001 | 160772 | ||
| 003 | ES-MaACL | ||
| 005 | 20251003165202.0 | ||
| 008 | 040719s1861 fr f |||| | fre d | ||
| 245 | 0 | 0 | _aNotice sur la Colonie Agricole de Mettray. |
| 260 |
_aTours : _b[s.n., _c1861?] ( _fImp. Ladevèze) |
||
| 300 |
_a15 p., [1] h. de lám. ; _c21 cm. |
||
| 594 | _aTexto firmado por Demetz. | ||
| 594 | _aEjemp. sin port., datos tomados del texto y de la Biblioteca Nacional de Francia. | ||
| 596 | _aEn p. 10 consta 1856. | ||
| 599 | _aLa h. de lám., representación de la Colonie Agricole de Mettray. | ||
| 610 | 2 | 4 |
_aColonie agricole et pénitentiaire de Mettray. _9167004 |
| 650 | 4 |
_aReformatorios- _zFrancia. _9167005 |
|
| 700 | 1 |
_aDemetz, Frédéric Auguste, _d1796-1873 _9148483 |
|
| 852 |
_aES-MaACL _jD-237(4) _9166794 _bR.M.214/4 _cSVI _dOlim: 193-F-11 _fSello en tinta en la portada de la primera obra: "Donativo del Sr. Lastres al Ateneo de Madrid 1907" _hDonación: Francisco Lastres y Juiz _xEncuadernado con otras obras formando un volumen facticioi |
||
| 903 |
_aLastres y Juiz, Francisco, _d1848-1918 _q1 _ednr _970504 |
||
| 942 |
_2udc _cFOLLETOS |
||
| 999 |
_c160772 _d160772 |
||